00384 a2200157 4500001000700000020001800007041000800025100002100033250001000054490001500064830001500079856002400094040002500118245004600143260003700189110160 a9788530501259 apor aBandeira, Pedro. a. ed. aCamaleão aCamaleão u000018/0000188f.jpg aBR-BrIDEAcBR-BrIDEA10aChapeuzinho e o lobo mauc Pedro Bandeira a[S.l.]bQuinteto Editorialc1997